| 000 | 01188nam0a22002771 4500 | ||
|---|---|---|---|
| 001 | rc\105016 | ||
| 005 | 20260406164551.0 | ||
| 010 |
_a5-230-01909-3 _9300 |
||
| 035 | _a(NLR Aleph) 005367094 | ||
| 090 |
_a6960270 _c6960270 |
||
| 100 | _a20021216d1995 |||y0rusy50 ca | ||
| 101 | 0 | _arus | |
| 102 | _aRU | ||
| 105 | _aa ||||||||| | ||
| 200 | 1 |
_aЛесопользование в насаждениях, подверженных влиянию промышленных выбросов _eУчеб. пособие [для лесотехн. специальностей вузов] _fБрат. индустр. ин-т _g[Е.М. Рунова и др.] |
|
| 210 |
_aБратск _cБрИИ _d1995 |
||
| 215 |
_a71, [1] с. _cил. _d21 |
||
| 300 | _aНа обл. авт.: Е.М. Рунова, Б.И. Угрюмов, Г.П. Нежевец | ||
| 320 | _aБиблиогр.: с. 71-72 (27 назв.) | ||
| 701 | 1 |
_aРунова _bЕ.М. _gЕлена Михайловна |
|
| 712 | 0 | 2 |
_aБратский индустриальный институт _3RU\NLR\AUTH\889936000 _9366853 |
| 801 | 0 |
_aRU _bNLR _gpsbo |
|
| 801 | 1 |
_aRU _bELAR _2rusmarc |
|
| 852 |
_aNLR _j96-4/10612 |
||
| 942 | _cBOOK | ||
| 980 | _aNB | ||